000 00513 a2200157 4500
999 _c19
_d19
020 _a9780155383166
050 _aB72.JON 1980
100 _aJones, W. T. (William Thomas),
_d1910-
_eauthor
245 _aKant and the nineteenth century :
_ba history of western philosophy /
_cW T Jones
264 _aNew York :
_bWadsworth.,
_c1975
300 _a391 pages ; 23 cm.
440 _aHistory of Western philosophy, v. 4.
500 _aincludes index
650 _aPhilosophy:
_xHistory.
942 _2lcc
_cBK
_e2nd
_h72
_iJON
_kB